000 00697nam a22002297a 4500
003 UA-OsUOA
001 101095
007 ta
008 20130604b un ||||| |||| 00| 0 ukr d
090 _a821.161.2
_bП63
942 _cBK
040 _aUA-OsUOA
_bukr
_cUA-OsUOA
_dUA-OsUOA
245 _aПост імені Ярослава Галана
_bпамфлети, статті, нариси, вірші
_cупоряд. М. Безпалько
300 _a291 с.
955 _a3
041 _aukr
080 _a821.161.2
260 _aЛьвів
_bКаменяр
_c1980
246 3 1 _aКн. 7
_n
650 7 _a82 Література. Літературознавство
_2UDC
999 _c387347
_d387347